Statistics for Elton John - Tiny Dancer - Lyrics

Click here to take the quiz!

General Stats

  • This quiz has been taken 1,069 times
    (1,066 since last reset)
  • The average score is 201 of 273

Answer Stats

Answer% Correct
dancer
98%
tiny
98%
a
96%
me
96%
the
96%
The
96%
I
93%
he
92%
closer
89%
Hold
89%
on
89%
You
89%
you
89%
In
88%
in
88%
L.A.
87%
baby
85%
she
85%
highway
84%
lady
83%
Blue
82%
jean
82%
for
81%
headlights
79%
her
78%
man
77%
no
77%
band
76%
my
76%
so
76%
and
73%
And
73%
hand
72%
music
72%
with
72%
Count
71%
of
71%
have
70%
Pretty
70%
down
69%
seamstress
69%
seen
69%
dancing
68%
it
68%
day
67%
Lay
67%
today
67%
marry
66%
Ballerina
65%
had
65%
must
65%
sand
65%
sheets
65%
smile
64%
always
63%
now
63%
she's
63%
can
62%
softly
62%
how
61%
real
61%
say
61%
slowly
61%
feels
60%
hear
60%
linen
60%
oh
60%
busy
59%
here
59%
one
58%
Only
58%
pirate
57%
When
57%
Lying
55%
out
54%
is
53%
street
53%
near
52%
just
51%
that
51%
eyed
50%
Jesus
49%
not
49%
sings
48%
bad
47%
tickets
47%
you'll
47%
auditorium
44%
back
44%
But
44%
freaks
44%
Handing
44%
knows
44%
laughs
44%
Looking
44%
stand
44%
word
43%
boulevard
42%
hums
42%
songs
42%
tune
42%
God
41%
makes
40%
Piano
40%
Turning
37%
his
35%

Score Distribution

Percentile by Number Answered

Percent of People with Each Score

Your Score History

You have not taken this quiz since the last reset